000 01579nam a2200241 a 4500
001 20467
003 CO-ViMGA
008 141112s2004 ck r 000 u spa d
020 _a9701042395
040 _aCO-ViMGA
_bspa
_cCO-ViMGA
082 0 4 _a658.406 G895d
100 1 _aGuizar Montúfar, Rafael
_929564
245 1 0 _aDesarrollo organizacional :
_bPrincipios y aplicaciones
250 _a2
260 _aMexico :
_bMcGraw Hill,
_c2004
300 _a398p
505 _aIntroducción general al desarrollo organizacional 3 - - Breve historia de la evolución del desarrollo organizacional en Mexico y LatinoAmérica 25 - - Intervenciones en procesos humanos 149 - - Inverciones tecnoestructurales 203 - - Intervenciones de administración de recursos humanos 263 - - Instalación de objetivos y metas 265 - - Sistemas de recompensas y planeación y desarrollo de carrera 283 - - Administración del estres 301 - - PLaneación de sistemas abiertos y cultura corporativa 313 - - Intervenciones estrategicas 357 - - Administración del cambio estrategico 359 - - Evaluación y práctica del desarrollo organizacional y tendencias futuras 385 - - Tendencias en el ámbito del desarrollo organizacional 387 - - Bibliografía clásica en D.O. 395 - - Modelos Clásicos de D : O : 405
590 _aForma de adquisición : Compra fact.0538 - - Precio : 55000 - - Proveedor : Temas y libros - - Fecha de adquisición : Marzo 2006
650 1 4 _aADMINISTRACION DE EMPRESAS
_92735
650 1 4 _aCAMBIO ORGANIZACIONAL
650 1 4 _aRENDIMIENTO INDUSTRIAL
_929565
942 _2ddc
_cBK
999 _c29461
_d29461